| 000 | 00985nam a2200301Ia 4500 | ||
|---|---|---|---|
| 003 | OSt | ||
| 005 | 20221007124639.0 | ||
| 006 | a|||||r|||| 00| 0 | ||
| 007 | ta | ||
| 008 | 221006b |||||||| |||| 00| 0 eng d | ||
| 020 | _a9788130918938 (pbk) | ||
| 024 | _a192494 | ||
| 037 |
_b799, 11/03/2015, Dhanraj Book House _cTextual |
||
| 040 |
_aCDL _cCDL _beng |
||
| 041 |
_2eng _aeng |
||
| 082 | _aCN2, L6;Q3;10-;13Carc | ||
| 100 |
_aMcQuarrie Donald A _9452383 |
||
| 245 | 0 | _aStatistical mechanics | |
| 260 |
_aNew _bdelhi Viva Books _c2003 |
||
| 300 |
_axii, 641p. ill. _ccm. |
||
| 500 | _aAppendix A-K 593-629p.; Index 631-641p.; Reprint 2015 | ||
| 650 |
_a Brownian motion _9719952 |
||
| 650 |
_a Continuum mechanics _9719953 |
||
| 650 |
_a Ideal polyatomic _9719954 |
||
| 650 |
_aCanonical ensemble _9719955 |
||
| 942 |
_hCN2, L6;Q3;10-;13Carc _cTEXL _2CC |
||
| 999 |
_c1213860 _d1213860 |
||